Statistics for Countries that start with the letter B

Click here to take the quiz!

General Stats

  • This quiz has been taken 23 times
  • The average score is 11 of 19

Answer Stats

Answer% Correct
Belgium
95%
Belarus
82%
Bolivia
77%
Botswana
77%
Bulgaria
77%
Bahamas
68%
Barbados
68%
Brazil
68%
Bangladesh
64%
Bhutan
64%
Bahrain
59%
Belize
59%
Bosnia and Herzegovina
59%
Burundi
59%
Benin
55%
Burkina faso
45%
Bermuda
14%
British Virgin Islands
5%
Brunei Darussalam
0%

Score Distribution

Percentile by Number Answered

Percent of People with Each Score

Your Score History

You have not taken this quiz